Loading...
| Ancient History and Archaeology | 3 | 16.67 | 267% | 133% | 67% |
| Beliefs | 13 | 17.69 | 308% | 92% | 108% |
| British and Commonwealth History | 1 | 10.00 | 0% | 200% | 0% |
| Current Events | 4 | 22.50 | 300% | 150% | 150% |
| Fine Arts - Auditory | 6 | 21.67 | 267% | 133% | 167% |
| Fine Arts - Visual | 4 | 20.00 | 200% | 150% | 150% |
| Geography | 3 | 26.67 | 267% | 200% | 200% |
| History - American | 5 | 12.00 | 160% | 120% | 40% |
| History - European | 5 | 24.00 | 240% | 160% | 200% |
| History - World | 4 | 25.00 | 300% | 200% | 150% |
| Literature - American | 5 | 20.00 | 240% | 120% | 160% |
| Literature - British | 7 | 14.29 | 114% | 143% | 86% |
| Literature - European | 4 | 15.00 | 100% | 50% | 200% |
| Other Academic | 2 | 20.00 | 0% | 200% | 200% |
| Other Arts: Auditory | 2 | 15.00 | 200% | 200% | 0% |
| Other Arts: Visual | 3 | 20.00 | 267% | 67% | 200% |
| Other Science: Computer Science | 1 | 20.00 | 400% | 200% | 0% |
| Other Science: Earth Science | 1 | 10.00 | 400% | 0% | 0% |
| Other Science: Math | 2 | 20.00 | 200% | 200% | 100% |
| Philosophy | 5 | 22.00 | 240% | 120% | 200% |
| Science - Biology | 8 | 21.25 | 300% | 125% | 150% |
| Science - Chemistry | 5 | 20.00 | 240% | 160% | 120% |
| Science - Physics | 7 | 11.43 | 114% | 57% | 114% |
| Social Science | 10 | 19.00 | 200% | 140% | 140% |
| World and Other Literature | 6 | 16.67 | 133% | 133% | 133% |